Personnages du Village Hoshi ( Naruto ) - Statistiques

Statistiques générales
  • Ce quiz a été pris 6 fois
  • Le résultat moyen est 3 sur 10
Statistiques - réponses
Par images Réponse % Correct
Hoshikage
75%
Hoshikage
75%
Hokuto
50%
Natsuhi
25%
Yotaka
25%
Akahoshi
0%
Hotarubi
0%
Mizura
0%
Shiso
0%
Sumaru
0%
Aucun quiz correspondant
Distribution des résultats
% des personnes avec chaque résultat
Percentile par nombre de réponses
Votre historique - résultats
Vous n’avez pas pris ce quiz